| 000 | 01828nam a2200361 c 4500 | ||
|---|---|---|---|
| 003 | BLK | ||
| 005 | 20241114005504.0 | ||
| 008 | 180409b bul|||||r ||||||| ||bul|| | ||
| 010 | _aKNG00146171000 | ||
| 040 | _aBLK | ||
| 041 |
_aBUL _cBUL |
||
| 080 |
_aБългарска литература _b821.163.2 _x-93-8 _z821.163.2-93-8 |
||
| 100 | 1 |
_aСтанев, Емилиян _qСтанев, Никола Стоянов _d1907-1979 _9363786 |
|
| 700 | 1 |
_aСтоев, Борислав _eил. _9372214 |
|
| 700 |
_aГабе, Дора Петрова _gПоетеса и писателка. Преводачка от полски език. _d1886-1983 _qГабе, Изидора Петрова _9369524 |
||
| 700 | 1 |
_aВолен, Илия _e* _gСтаменов, Марин Христов _9377031 |
|
| 700 | 1 |
_aБосев, Асен Иванов _e* _9363513 |
|
| 700 | 1 |
_aГабе, Изидора Петрова _e* _9276917 |
|
| 139 |
_aСтанев, Емилиян _bС 68 |
||
| 245 | 1 | 0 |
_aГорска къщичка _bСб. приказки, разкази и стихотворения _cЕмилиян Станев; ил. Борислав Стоев; * Дора Габе; * Илия Волен; * Асен Иванов Босев; * Изидора Петрова Габе. |
| 257 | _aBGR | ||
| 260 |
_аСофия _bБълг. художник _c1968 |
||
| 300 |
_a48 с. _bс ил. _c23Х25 см |
||
| 380 | _aDX | ||
| 490 | 1 | _aБиблиотека Златни страници | |
| 500 | _aДруги авт. : Дора Габе, Илия Волен, Асен Босев. - 45 000 тир. | ||
| 852 | _aЦб 260955 | ||
| 856 | 4 |
_qpdf _u |
|
| 856 | 4 |
_qpdf _u |
|
| 942 |
_cKNG _n0 |
||
| 944 |
_aCR _c17.07.2013 _lCRON CRON _k |
||
| 944 |
_aED _c29.09.2017 _l17.07.2013 - от С1,Р / 17.07.2013 _kКети_Илиева |
||
| 999 |
_c140112 _d140112 |
||